000 03348nam a22001577a 4500
041 _aukr
080 _a09
090 _bАНТ
100 _aАнтонік О.М.
245 _aЗастосування трансформаційної граматики у вивченні лексико-граматичних стуктур англійської мови.
260 _aОстрог
_bКАФ
_c2007
300 _a49
520 _aВСТУП РОЗДІЛ 1 ТРАНСФОРМАЦІЙНА ГРАМАТИКА: ПОХОДЖЕННЯ, ОСНОВНІ ПОНЯТТЯ ТА ПРИНЦИПИ. 1.1 Поняття "трансформації" у лінгвістичному тлумаченні. Трансформаційні аналогії у психології, математиці та логіці. 1.2 Розвиток та особливості методу трансформаційного аналізу. 1.2.1 Дистрибутивний аналіз як основа розвитку трансформаційного аналізу. 1.2.2 Базові принципи та поняття трансформаційного аналізу. 1.3 Генеративно-трансформаційна граматика. 1.3.1 Трансформаційна граматика як одна з основних концепцій породжуючої граматики. 1.3.2 Графічна репрезентація структури речення та поняття трансформаційних правил. РОЗДІЛ 2 ВИВЧЕННЯ АНГЛІЙСЬКОЇ ГРАМАТИКИ ТА ЛЕКСИКИ З ВИКОРИСТАННЯМ МЕТОДУ ТРАНСФОРМАЦІЇ. 2.1 Мовні трансформації у практиці комунікації в ранньому віці та аналогічний розвиток навичок походження речень іноземною мовою. 2.2 Значення трансформаційної граматики для методики вивчення англійської мови. 2.3 Класифікація трансформаційних вправ для вивчення лексико-граматичних структур англійської мови. 2.3.1 Вправи на застосування граматичних структур. 2.3.2 Вправи на застосування лексичних структур. 2.4 Порівняльна характеристика підручників з англійської мови в контексті застосування трансформаційних вправ. 2.4.1 Загальні особливості підручників. 2.4.2 Кількісний аналіз застосування різновидів вправ на трансформації та поради щодо його покращення. 2.4.3 Якісні характеристики застосування різновидів трансформаційних вправ. 2.5 Варіанти застосування лексичних та граматичних трансформаційних вправ до англійського тексту. ВИСНОВКИ
_0трансформації, граматика
650 _aResearch Papers
999 _c284051
_d284051
942 _cBK